00182nam a2200073 a 450000500170000000800410001705000250005824500250008320140414131948.0110201s19uu xx 00 eng d aTR 332.024bT48 2004 aBarbie Time & money.